000 00827nas a2200289 4500
001 BR0400843
003 BR-BrBNA
005 20231205104426.0
007 ta
008 230509b bl.|||p| |||| 00| 00por d
040 _aBR-BrBNA
_bpor
_cBiblioteca Nacional de Agricultura
041 _a(Pt)
072 _aP40
100 1 _aViana, T.V. de A.
100 1 _aAzevedo, B.M. de
100 1 _aBomfim, G.V. do
100 1 _aAndrade Júnior, A.S. de
245 1 _aProbabilidade de ocorrência de períodos secos e chuvosos em Pentecoste, CE
650 _aPRECIPITAÇÃO PLUVIAL
650 _aSECA
650 _aCHUVA
650 _aVERANICO
650 _aCEARÁ
773 0 _tIrriga (Brazil)
_xISSN 1413-7895
_g(2002), v. 7(3) p. 226-229
_wBR0400843
909 _a202311
_bLúcia
_c55
_dLúcia Elande
942 _2AGRIS
_n0
_cANA
999 _c178080
_d178080